Sự lưu hành của một số vi khuẩn trên đường hô hấp của heo ở tỉnh Đồng Tháp, Sóc Trăng và TP. Cần Thơ : Luận văn thạc sĩ khoa học nông nghiệp chuyên ngành Thú y

Khảo sát tình hình bệnh trên đường hô hấp của heo ở các tỉnh Đồng Tháp, Sóc Trăng và TP. Cần Thơ. Xác định một số loài vi khuẩn hiện diện phổ biến trên đường hô hấp của heo. Kiểm tra tính nhạy cảm của vi khuẩn phân lập được với mộ...

全面介绍

Đã lưu trong:
书目详细资料
主要作者: Trương, Thị Thu Thảo
格式: 图书
语言:Undetermined
出版: Cần Thơ Trường Đại học Cần Thơ 2012
主题:
标签: 添加标签
没有标签, 成为第一个标记此记录!
Thư viện lưu trữ: Trung tâm Học liệu Trường Đại học Cần Thơ
LEADER 01439nam a2200229Ia 4500
001 CTU_178458
008 210402s9999 xx 000 0 und d
082 |a 579.344 
082 |b Th108 
088 |a 60640101 
100 |a Trương, Thị Thu Thảo 
245 0 |a Sự lưu hành của một số vi khuẩn trên đường hô hấp của heo ở tỉnh Đồng Tháp, Sóc Trăng và TP. Cần Thơ : 
245 0 |b Luận văn thạc sĩ khoa học nông nghiệp chuyên ngành Thú y 
245 0 |c Trương Thị Thu Thảo ; Lý Thị Liên Khai (Hướng dẫn khoa học) 
260 |a Cần Thơ 
260 |b Trường Đại học Cần Thơ 
260 |c 2012 
520 |a Khảo sát tình hình bệnh trên đường hô hấp của heo ở các tỉnh Đồng Tháp, Sóc Trăng và TP. Cần Thơ. Xác định một số loài vi khuẩn hiện diện phổ biến trên đường hô hấp của heo. Kiểm tra tính nhạy cảm của vi khuẩn phân lập được với một số loại kháng sinh và xác định hiệu quả điều trị của các phác đồ thử nghiệm. 
650 |a Veterinary microbiology,Veterinary virology,Vi sinh vật thú y 
904 |i Thái 
910 |a Nguyên 
980 |a Trung tâm Học liệu Trường Đại học Cần Thơ